000 00615nam a22002297a 4500
003 UA-OsUOA
001 100906
007 ta
008 20130603b un ||||| |||| 00| 0 ukr d
100 _aШинкуба Б.
090 _a821.352.2
_bШ62
942 _cBK
040 _aUA-OsUOA
_brus
_cUA-OsUOA
_dUA-OsUOA
245 _aПроза
_bроманы, повесть
300 _a544 с.
955 _a3
041 _arus
080 _a821.352.2
260 _aМ.
_bСоветский писатель
_c1988
650 7 _a82 Література. Літературознавство
_2UDC
999 _c386789
_d386789